Statistics for true or false minecraft facts

Click here to take the quiz!

General Stats

  • This quiz has been taken 396 times
  • The average score is 11 of 15

Answer Stats

QuestionAnswer% Correct
llamas are a animal in minecrafttrue
87%
you can control a pig with a saddle and a carrot on a sticktrue
84%
you can craft weapons with emeraldsfalse
82%
you can make a piston stickytrue
82%
parrots can dance around jukeboxestrue
79%
creepers are scared of ocelotstrue
78%
you can dye leather armortrue
78%
you can capture the ender dragons breath in a glass bottletrue
76%
minecraft was released in 2013false
73%
books are made of paper and stringfalse
72%
mobs can spawn easier on slabsmobs cant spawn on slabs
66%
you use copper to power an enchanting tablefalse
64%
it took 6 days to make the first version of minecrafttrue
59%
you must feed a horse an apple to tame itfalse
58%
you can craft diamond horse armorfalse
58%

Score Distribution

Percentile by Number Answered

Percent of People with Each Score

Your Score History

You have not taken this quiz